[Event "AUS-ch reserves"]
[Site "Melbourne"]
[Date "2002.01.08"]
[Round "10"]
[White "Jenkins, Keith"]
[Black "Ingram, Benny"]
[Result "0-1"]
[WhiteElo "1670"]
[BlackElo "1926"]
[PlyCount "64"]
[EventDate "2001.12.28"]
[EventType "swiss"]
[EventRounds "11"]
[EventCountry "AUS"]
[SourceTitle "EXT 2003"]
[Source "ChessBase"]
[SourceDate "2002.11.25"]
[SourceVersion "1"]
[SourceVersionDate "2002.11.25"]
[SourceQuality "1"]

1. d4 g6 2. c4 f5 3. Nc3 Nf6 4. g3 Bg7 5. Bg2 d6 6. Bg5 c6 7. Nh3 Qc7 8. d5 0-0 9. 0-0 Bd7 10. Nf4 a5 11. Re1 Na6 12. e4 Nc5 13. Nd3 Nxd3 14. Qxd3 Ng4 15. Qd2 Rae8 16. h3 Ne5 17. Qe2 e6 18. Be3 cxd5 19. cxd5 Nc4 20. Rac1 Nxe3 21. Qxe3 Qd8 22. Qd2 e5 23. Bf1 f4 24. g4 f3 25. Nb5 Qh4 26. Rc7 Bxb5 27. Bxb5 Qxh3 28. Bf1 Qxg4+ 29. Kh2 Qh4+ 30. Bh3 Bh6 31. Re3 Bf4+ 32. Kg1 Qxh3 0-1

[Event "AUS-ch reserves"]
[Site "Melbourne"]
[Date "2001.12.30"]
[Round "3"]
[White "Zivkovic, Sam"]
[Black "Jenkins, Keith"]
[Result "0-1"]
[WhiteElo "1368"]
[BlackElo "1670"]
[PlyCount "114"]
[EventDate "2001.12.28"]
[EventType "swiss"]
[EventRounds "11"]
[EventCountry "AUS"]
[SourceTitle "EXT 2003"]
[Source "ChessBase"]
[SourceDate "2002.11.25"]
[SourceVersion "1"]
[SourceVersionDate "2002.11.25"]
[SourceQuality "1"]

1. c4 e5 2. g3 Nf6 3. Bg2 Bc5 4. Nc3 0-0 5. d3 Re8 6. a3 Nc6 7. e3 a6 8. Qc2 Bf8 9. Nf3 d5 10. cxd5 Nxd5 11. Nxd5 Qxd5 12. 0-0 Bg4 13. Ne1 Qd7 14. b4 Rad8 15. Bb2 g6 16. Rc1 Bg7 17. Bxc6 bxc6 18. f3 Bf5 19. e4 Bh3 20. Rf2 Bh6 21. f4 f6 22. Qxc6 exf4 23. Qxd7 Rxd7 24. gxf4 Re6 25. Rc5 Bf8 26. Rc4 Be7 27. Rf3 Bg4 28. Rg3 Be2 29. f5 Red6 30. fxg6 hxg6 31. Rc3 Kf7 32. Rb3 Bd1 33. Rc3 Ba4 34. Kf2 c6 35. Ke2 Re6 36. Ng2 Bd6 37. Rh3 Be5 38. Rh7+ Ke8 39. Rh8+ Ke7 40. Nh4 f5 41. Nxg6+ Rxg6 42. Rc5 Bxb2 43. Rh7+ Kd8 44. Rxd7+ Kxd7 45. exf5 Rg2+ 46. Kf3 Rxh2 47. Ra5 Bb5 48. d4 Bxd4 49. a4 Be2+ 50. Kg3 Rh6 51. Kf4 Bb6 52. f6 Bxa5 53. Kf5 Rh5+ 54. Kg6 Bxb4 55. f7 Rh1 56. a5 Rg1+ 57. Kf5 Bc4 0-1

[Event "AUS-ch reserves"]
[Site "Melbourne"]
[Date "2001.12.28"]
[Round "1"]
[White "Savige, Colin"]
[Black "Jenkins, Keith"]
[Result "1-0"]
[WhiteElo "2094"]
[BlackElo "1670"]
[PlyCount "47"]
[EventDate "2001.12.28"]
[EventType "swiss"]
[EventRounds "11"]
[EventCountry "AUS"]
[SourceTitle "EXT 2003"]
[Source "ChessBase"]
[SourceDate "2002.11.25"]
[SourceVersion "1"]
[SourceVersionDate "2002.11.25"]
[SourceQuality "1"]

1. e4 e6 2. d4 d5 3. Nd2 Nf6 4. e5 Nfd7 5. Bd3 c5 6. c3 Nc6 7. Ne2 Qb6 8. Nf3 f6 9. exf6 Nxf6 10. 0-0 cxd4 11. cxd4 Bd6 12. Bf4 Bxf4 13. Nxf4 0-0 14. Re1 Re8 15. Qd2 Bd7 16. Rad1 Rad8 17. h3 Nxd4 18. Nxd4 e5 19. Nxd5 Qxd4 20. Nxf6+ gxf6 21. Qh6 Re7 22. Qxf6 Qc5 23. Rc1 Qb4 24. Bc4+ 1-0

[Event "Box Hill CC-ch"]
[Site "Box Hill"]
[Date "2000.06.30"]
[Round "9.11"]
[White "Basnayake, Thilini"]
[Black "Jenkins, Keith"]
[Result "1-0"]
[WhiteElo "1431"]
[BlackElo "1680"]
[PlyCount "95"]
[EventDate "2000.??.??"]
[EventType "swiss"]
[EventRounds "9"]
[EventCountry "AUS"]
[SourceTitle "EXT 2003"]
[Source "ChessBase"]
[SourceDate "2002.11.25"]
[SourceVersion "1"]
[SourceVersionDate "2002.11.25"]
[SourceQuality "1"]

1. e4 e6 2. d4 d5 3. Nc3 Bb4 4. e5 c5 5. a3 Bxc3+ 6. bxc3 Qc7 7. f4 Bd7 8. Nf3 Nh6 9. Be2 Ba4 10. Ra2 Nc6 11. 0-0 cxd4 12. cxd4 Nf5 13. Qd2 0-0 14. c3 Na5 15. Bd3 Bb3 16. Rb2 Bc4 17. Rd1 Bxd3 18. Qxd3 Rac8 19. Rc2 a6 20. Kh1 Nc4 21. g4 Nh6 22. Ng5 g6 23. Qh3 Kg7 24. f5 exf5 25. gxf5 Rh8 26. f6+ Kf8 27. Qxh6+ Ke8 28. Qg7 Kd7 29. Qxf7+ Kc6 30. Qe6+ Kb5 31. Qxd5+ Kb6 32. Ne4 Rhd8 33. Qc5+ Qxc5 34. Nxc5 Ka7 35. Rf1 Rxc5 36. dxc5 Nxe5 37. f7 Rf8 38. Bh6 Rxf7 39. Rxf7 Nxf7 40. Be3 Kb8 41. Rf2 Nd8 42. Rf8 Kc7 43. Rh8 Ne6 44. Rxh7+ Kc6 45. Rh6 Kb5 46. Rxg6 Nxc5 47. Bxc5 Kxc5 48. h4 1-0